00351nam a22001217a 450000500170000002000230001703500330004003700130007310000250008624500630011126000330017430000220020720180813160203.0 a8183820395c125.00 aB-218589, B-218588, B-218591 aDPLbENG aUpadhyaya, Rajnikant aAwake Kundalini /cby Rajnikant Upadhyaya and Gopal Sharma aNew DelhibLotus Pressc2006 av, 143p.c18 cms.